| 000 | 00921nam a2200229 a 4500 | ||
|---|---|---|---|
| 001 | 37921 | ||
| 003 | BD-RjUL | ||
| 005 | 20211209052704.0 | ||
| 008 | 150811s2000 bg ||||| |||| 00| 0 ben d | ||
| 035 | _a(BD-RjUL)38026 | ||
| 040 |
_aBD-RjUL _beng _cBD-RjUL |
||
| 041 | _aeng | ||
| 082 |
_223 _a320 _bROR 2000 |
||
| 100 |
_aরহমান, মোঃ মকসুদুর _9117128 |
||
| 245 |
_aরাষ্ট্রবিজ্ঞান তত্ত্ব ও নীতিমালা / _cমোঃ মকসুদুর রহমান |
||
| 250 | _a২য় সং. | ||
| 260 |
_aরাজশাহী : _bবুকস্ প্যাভিলিয়ান, _c২০০০ |
||
| 300 |
_a৫৯১ বিভিন্ন পৃষ্ঠা সম্বলিত ; _c২১ সেমি. |
||
| 650 |
_aরাষ্ট্রবিজ্ঞান _9117129 |
||
| 650 |
_aPolitical science _9116590 |
||
| 942 |
_2ddc _cBK _03 |
||
| 999 |
_c37921 _d37921 |
||